000 00508nam a2200193Ia 4500
005 20250822105017.0
008 008 250516s9999 xx 000 0 hin d
020 _a9789395226585
040 _beng
_cSDCL
041 _ahin
_2hin
084 _aO152,6M84x R4.2
100 _aShukla, Acharya Ramchandra
_9818549
245 0 _aChintamani - 2
246 _aचिंतामणि - २
260 _aDelhi:
_bAdwait Prakashan,
_c2024.
300 _a176p.
650 _aHindi
942 _cTEXL
_2CC
999 _c1429139
_d1429139